000 00587nam a2200193Ia 4500
005 20260120130030.0
008 008 260114s9999 xx 000 0 eng d
020 _a9780191827457
037 _aEBOOK
040 _aCRL
_beng
_cCRL
041 _aeng
_2eng
084 _qCRL
100 _aEckes
_9910222
245 0 _aEU Powers Under External Pressure: How the EU's External Actions Alter its Internal Structures
260 _bOUPOxford University Press
_c2019
856 _uhttp://dx.doi.org/10.1093/oso/9780198785545.001.0001
942 _cEBOOK
999 _c1502121
_d1502121